[Event "Tenerife-chT"]
[Site "Tenerife"]
[Date "2013.03.23"]
[Round "9.2"]
[White "Santos Izquierdo, Carlos"]
[Black "Pinto Henriquez, Rodrigo"]
[Result "1-0"]
[WhiteElo "1826"]
[BlackElo "2163"]
[PlyCount "120"]
[EventDate "2013.01.19"]
[EventType "team-tourn"]
[EventRounds "14"]
[EventCountry "ESP"]
[SourceTitle "EXT 2014"]
[Source "ChessBase"]
[SourceDate "2013.11.20"]
[SourceVersion "1"]
[SourceVersionDate "2013.11.20"]
[SourceQuality "1"]
[WhiteTeam "San Benito"]
[BlackTeam "El Sauzal Libreria Barco"]
[WhiteTeamCountry "ESP"]
[BlackTeamCountry "ESP"]

1. c4 Nf6 2. g3 g6 3. Bg2 Bg7 4. Nc3 0-0 5. d3 d6 6. e4 Nc6 7. Nge2 a6 8. 0-0 Rb8 9. f4 e5 10. h3 b5 11. Rb1 b4 12. Nd5 Nxd5 13. cxd5 Nd4 14. Be3 Nxe2+ 15. Qxe2 f5 16. Qd2 Bd7 17. Rbc1 Bb5 18. Rfe1 Rf7 19. Kh2 a5 20. b3 exf4 21. Bxf4 Bd4 22. e5 dxe5 23. Bxe5 Bxe5 24. Rxe5 Qf6 25. d4 Rb6 26. Qh6 Qg7 27. Qg5 h6 28. Qd8+ Kh7 29. Rce1 Rd6 30. Qh4 g5 31. Qh5 Qg6 32. Qf3 Kg7 33. Re6 Rf6 34. Qe3 Bd7 35. Re7+ Rf7 36. Qc1 f4 37. gxf4 gxf4 38. Qxf4 Bf5 39. Qe5+ Kh7 40. Rf1 Rdf6 41. Qxc7 Rxe7 42. Qxe7+ Rf7 43. Qe5 Bd3 44. Rxf7+ Qxf7 45. Be4+ Bxe4 46. Qxe4+ Kg7 47. Qe5+ Kh7 48. Kg3 Qg6+ 49. Kf4 Qg1 50. Qf5+ Kh8 51. Ke5 Qg3+ 52. Ke6 Qg8+ 53. Qf7 Qc8+ 54. Kf6 Qa6+ 55. Qe6 Qf1+ 56. Ke7 Qc1 57. d6 Kg7 58. Qf7+ Kh8 59. Qf5 a4 60. d7 Qc7 1-0

[Event "Tenerife-chT"]
[Site "Tenerife"]
[Date "2013.02.23"]
[Round "5.2"]
[White "Santos Izquierdo, Carlos"]
[Black "Abreu Suarez, Isauro"]
[Result "1/2-1/2"]
[WhiteElo "1826"]
[BlackElo "2022"]
[PlyCount "60"]
[EventDate "2013.01.19"]
[EventType "team-tourn"]
[EventRounds "14"]
[EventCountry "ESP"]
[SourceTitle "EXT 2014"]
[Source "ChessBase"]
[SourceDate "2013.11.20"]
[SourceVersion "1"]
[SourceVersionDate "2013.11.20"]
[SourceQuality "1"]
[WhiteTeam "San Benito"]
[BlackTeam "Canarias 64"]
[WhiteTeamCountry "ESP"]
[BlackTeamCountry "ESP"]

1. c4 c5 2. g3 Nc6 3. Bg2 g6 4. Nc3 Bg7 5. d3 Nf6 6. e4 0-0 7. Nge2 d6 8. 0-0 a6 9. f4 Bg4 10. h3 Bxe2 11. Nxe2 Rc8 12. Nc3 Nd7 13. Be3 Nd4 14. Qd2 b5 15. Rac1 b4 16. Ne2 Nxe2+ 17. Qxe2 Qa5 18. b3 Nb8 19. Kh2 Nc6 20. Rc2 Qb6 21. Qf2 Bd4 22. Re2 a5 23. Bxd4 Nxd4 24. Rb2 e5 25. Qe3 Kg7 26. Bf3 Rce8 27. f5 Qd8 28. g4 g5 29. h4 h6 30. Rg1 f6 1/2-1/2

[Event "Las Palmas Montalvo Memorial 4th"]
[Site "Las Palmas"]
[Date "2011.04.23"]
[Round "8"]
[White "Santos Izquierdo, Carlos"]
[Black "Navarro Molina, David"]
[Result "0-1"]
[WhiteElo "1820"]
[BlackElo "2055"]
[PlyCount "114"]
[EventDate "2011.04.18"]
[EventType "swiss"]
[EventRounds "9"]
[EventCountry "ESP"]
[SourceTitle "CBM 141 Extra"]
[Source "ChessBase"]
[SourceDate "2011.05.03"]
[SourceVersion "1"]
[SourceVersionDate "2011.05.03"]
[SourceQuality "1"]

1. c4 c5 2. g3 Nf6 3. Bg2 e6 4. Nf3 Qc7 5. Nc3 a6 6. e4 Nc6 7. d3 d6 8. a3 Rb8 9. 0-0 Be7 10. h3 b5 11. b3 b4 12. Ne2 bxa3 13. Rxa3 0-0 14. Be3 d5 15. exd5 exd5 16. Bf4 Bd6 17. Bxd6 Qxd6 18. Qd2 d4 19. Re1 Nb4 20. Nf4 h6 21. h4 Bf5 22. Raa1 Rfe8 23. Bh3 Ng4 24. Rxe8+ Rxe8 25. Re1 Rb8 26. Ra1 Qd8 27. Bf1 Rb6 28. Bg2 g5 29. hxg5 hxg5 30. Nh3 f6 31. Ne1 Qe7 32. Bf1 Re6 33. Nf3 Nh6 34. Nh2 Nf7 35. Qd1 Ne5 36. Qh5 Nexd3 37. Ng4 Bxg4 38. Qxg4 Re4 39. Qf5 Qe6 40. Qg6+ Kf8 41. Bg2 Re5 42. Kh2 Qf7 43. Qh6+ Qg7 44. Qxg7+ Kxg7 45. f4 Re2 46. fxg5 fxg5 47. Kg1 Kg6 48. Bf3 Re3 49. Bb7 g4 50. Nf4+ Nxf4 51. gxf4 Rxb3 52. Be4+ Kf6 53. Ra5 Re3 54. Bh7 d3 55. Kf2 Rf3+ 56. Ke1 g3 57. Rxc5 g2 0-1

[Event "Las Palmas Montalvo Memorial 4th"]
[Site "Las Palmas"]
[Date "2011.04.22"]
[Round "6"]
[White "Santos Izquierdo, Carlos"]
[Black "Gonzalez Intelangelo, Gerardo"]
[Result "1-0"]
[WhiteElo "1820"]
[BlackElo "2061"]
[PlyCount "79"]
[EventDate "2011.04.18"]
[EventType "swiss"]
[EventRounds "9"]
[EventCountry "ESP"]
[SourceTitle "CBM 141 Extra"]
[Source "ChessBase"]
[SourceDate "2011.05.03"]
[SourceVersion "1"]
[SourceVersionDate "2011.05.03"]
[SourceQuality "1"]

1. c4 f5 2. g3 Nf6 3. Bg2 e6 4. Nc3 Be7 5. d3 0-0 6. e4 fxe4 7. dxe4 Nc6 8. Nh3 d6 9. 0-0 e5 10. f3 Nd4 11. Be3 c5 12. Qd2 Bd7 13. Nf2 Kh8 14. Nd3 Be6 15. b3 a6 16. Nd5 Nxd5 17. cxd5 Bd7 18. f4 Qc7 19. Rac1 b6 20. Bxd4 exd4 21. e5 Bb5 22. Rfe1 Bxd3 23. Qxd3 Qa7 24. exd6 Bxd6 25. Re6 Rad8 26. Rce1 b5 27. Be4 Qb7 28. Qf3 Qf7 29. Qg4 Qg8 30. Qh5 c4 31. bxc4 bxc4 32. Rc1 c3 33. Bd3 Bc5 34. Kg2 Rd6 35. Rce1 Rxe6 36. dxe6 Be7 37. Bg6 Rc8 38. Bd3 c2 39. Rc1 Qxe6 40. Qxh7# 1-0